Normal view
MARC view
- DIVYA V. R
Entry Personal Name
001 - CONTROL NUMBER
- control field: 2473
003 - CONTROL NUMBER IDENTIFIER
- control field: OSt
005 - DATE AND TIME OF LATEST TRANSACTION
- control field: 20180108121334.0
008 - FIXED-LENGTH DATA ELEMENTS
- fixed length control field: 180108|| aca||aabn | a|a d
040 ## - CATALOGING SOURCE
- Original cataloging agency: OSt
- Transcribing agency: OSt
100 ## - HEADING--PERSONAL NAME
- Personal name: DIVYA V. R
670 ## - SOURCE DATA FOUND
- Source citation: Work cat.: (OSt): DIVYA V. R GOPU R. NAIR HABEEBA V LIJI PRASANNAN, Studies on rice bran oil extraction using ohmically heated rice bran
